Schiffahrtsabgaben : Erster Teil: Die Rechtslage. Im Auftrag des Vereins Für Socialpolitik Herausgegeben. (Schriften des Vereins Für Socialpolitik CXV-1).

Bibliographic Details
Main Author: Peters, Max.
Format: eBook
Language:German
Published: Berlin : Duncker & Humblot, 2014.
Edition:1st ed.
Series:Duncker and Humblot Reprints Series
Subjects:
Online Access:Click to View
LEADER 04122nam a22003973i 4500
001 EBC7101298
003 MiAaPQ
005 20240729202204.0
006 m o d |
007 cr cnu||||||||
008 240729s2014 xx o ||||0 ger d
020 |a 9783428573639  |q (electronic bk.) 
020 |z 9783428173631 
035 |a (MiAaPQ)EBC7101298 
035 |a (Au-PeEL)EBL7101298 
035 |a (OCoLC)1347026656 
040 |a MiAaPQ  |b eng  |e rda  |e pn  |c MiAaPQ  |d MiAaPQ 
100 1 |a Peters, Max. 
245 1 0 |a Schiffahrtsabgaben :  |b Erster Teil: Die Rechtslage. Im Auftrag des Vereins Für Socialpolitik Herausgegeben. (Schriften des Vereins Für Socialpolitik CXV-1). 
250 |a 1st ed. 
264 1 |a Berlin :  |b Duncker & Humblot,  |c 2014. 
264 4 |c {copy}1906. 
300 |a 1 online resource (355 pages) 
336 |a text  |b txt  |2 rdacontent 
337 |a computer  |b c  |2 rdamedia 
338 |a online resource  |b cr  |2 rdacarrier 
490 1 |a Duncker and Humblot Reprints Series 
505 0 |a Intro -- Vorwort -- Nachtrag -- Inhalt -- I. Rechtsauslegung -- II. Die Rechtsquellen -- 1. Verfassung und Verträge -- 2. Die Gleichheit des Inhalts der Rechtsquellen -- 3. Umfang, Geltungsbereich und allgemeine Bedeutung der Rechtsvorschriften -- III. Gegenstand der Abgabenerhebung -- A. Die künstliche Wasserstraße -- 1. Allgemeine Bemerkungen. Natürliche und künstliche Verkehrsmöglichkeiten -- 2. Abgrenzung der Begriffe nach grammatischer Auslegung -- 3. Übergang des einen Begriffs in den anderen -- 4. Logische Auslegung aus der Entstehungsgeschichte und der Praxis -- 5. Zusammenfassung der Ergebnisse -- B. Die Schiffahrtsanstalt -- 1. Allgemeine Bemerkungen -- 2. Die grammatische Auslegung -- a) Der Anstaltsbegriff an sich -- 1. Verhältnis der Begriffe Anstalt und Anlage -- 2. Der Anstaltsbegriff im Sinne des allgemeinen Sprachgebrauchs -- 3. Der Anstaltsbegriff im Sinne des Sprachgebrauchs der Gesetze und Verträge über Schiffahrts- und Wasserbauangelegenheiten -- 4. Die preußische Gesetzgebung -- 5. Die nichtpreußische deutsche Gesetzgebung -- 6. Die preußisch-deutschen Staatsverträge -- 7. Die Reichsgesetzgebung der Jahre 1848-1849 -- b) Die bei den Anstalten vorauszusetzenden Eigenschaften -- 1. Die Bestimmung zur Erleichterung des Verkehrs -- 2. Der Begriff des Besonderen -- c) Zusammenfassung der Ergebnisse und deren Gegenüberstellung mit abweichenden Ansichten -- 3. Die logische Auslegung -- a) Allgemeine Bemerkungen -- b) Die Rechtsgeschichte -- 1. Die Entstehung des Zollvereinsvertrages vom 8. Juli 1867 -- 2. Die Entstehung der Reichsverfassung -- c) Die Praxis -- 1. Allgemeine Bemerkungen -- 2. Die Praxis bei den Wasserstraßen in Preußen vor der Reichsgründung -- 3. Die Praxis bei den Wasserstraßen im Reiche -- 4. Die spätere Praxis bei den Wasserstraßen in Preußen. 
505 8 |a 5. Die Praxis der anderen Bundesstaaten hinsichtlich der Wasserstraßen -- 6. Die Praxis bei den Häfen -- 7. Abweichungen von dem regelmäßigen Gange der Praxis -- 8. Die Feststellung des Anstaltsbegriffs -- IV. Aie Voraussetzung für den Eintritt der Abgabepflicht -- 1. Die grammatische Auslegung -- 2. Die logische Auslegung -- V. Die Höchstgrenze für die Bemessung der Schiffahrtsabgaben -- 1. Allgemeine Bemerkungen -- 2. Staatliche Schiffahrtsanstalten -- 3. Nichtstaatliche Schiffahrtsanstalten -- VI. Die Zahlungspflicht -- VII.Die Rheinschiffahrtsakte -- VIII. Die Donauschiffahrtsakte -- IX. Schlußwort. 
588 |a Description based on publisher supplied metadata and other sources. 
590 |a Electronic reproduction. Ann Arbor, Michigan : ProQuest Ebook Central, 2024. Available via World Wide Web. Access may be limited to ProQuest Ebook Central affiliated libraries.  
655 4 |a Electronic books. 
776 0 8 |i Print version:  |a Peters, Max  |t Schiffahrtsabgaben  |d Berlin : Duncker & Humblot,c2014  |z 9783428173631 
797 2 |a ProQuest (Firm) 
830 0 |a Duncker and Humblot Reprints Series 
856 4 0 |u https://ebookcentral.proquest.com/lib/matrademy/detail.action?docID=7101298  |z Click to View